00515 2200169 4500245005300000020002200053250001100075100001600086650002500102005001900127260003300146041001400179084000800193500011000201490002500311336000900336 aEnsiklopedia Jakarta Volume 8cEni SetiatihText a978-979-3535-57-1 aCet. 1 aEni Setiati aEnsiklopedia Jakarta a20231122082524 aJakartabLENTERA ABADIc2009 aIndonesia a903 aDaftar Isi : Wilayah Privinsi Jakarta ; Konservasi Kebudayaan Jakarta ; Profil Gedung - Gedung Bersejarah aEnsiklopedia Jakarta atext